[Event "Interclubs Adultes"]
[Site "?"]
[Date "2004.01.18"]
[Round "4.3"]
[White "Doran, Niall"]
[Black "Lux, Gregory"]
[Result "1/2-1/2"]
[WhiteElo "1640"]
[BlackElo "2064"]
[PlyCount "100"]
[EventDate "2004.??.??"]

1. e4 e6 2. d4 d5 3. Nc3 Nf6 4. Bg5 Be7 5. e5 Nfd7 6. Bxe7 Qxe7 7. Nf3 a6 8.
Be2 O-O 9. O-O c5 10. Bd3 cxd4 11. Nxd4 Nc6 12. Nxc6 bxc6 13. f4 Rb8 14. Rb1 f6
15. exf6 gxf6 16. Rf3 Rf7 17. Rg3+ Rg7 18. Rxg7+ Qxg7 19. Qe2 Nc5 20. b3 f5 21.
Nd1 Qd4+ 22. Qe3 Rb4 23. g3 a5 24. a4 Qxe3+ 25. Nxe3 Nxa4 26. Ra1 Nc5 27. Rxa5
Nd7 28. Ra8 Rb8 29. Rxb8 Nxb8 30. h3 Ba6 31. Bf1 h5 32. g4 fxg4 33. hxg4 hxg4
34. Nxg4 Bxf1 35. Kxf1 Nd7 36. Ke2 Kf7 37. Ke3 c5 38. Ne5+ Ke7 39. Nxd7 Kxd7
40. Kf3 Kd6 41. Kg4 e5 42. fxe5+ Kxe5 43. Kf3 Kd4 44. Ke2 Kc3 45. Kd1 d4 46.
Kc1 d3 47. cxd3 Kxb3 48. Kd2 Kb2 49. Ke3 Kc3 50. Ke4 Kd2 1/2-1/2

[Event "Interclubs Adultes"]
[Site "?"]
[Date "2004.01.18"]
[Round "4.4"]
[White "Monneret, Guy"]
[Black "Carteron, Olivier"]
[Result "1/2-1/2"]
[WhiteElo "2019"]
[BlackElo "1630"]
[PlyCount "67"]
[EventDate "2004.??.??"]

1. d4 d5 2. c4 c6 3. Nf3 Nf6 4. Nc3 dxc4 5. a4 Bf5 6. e3 e6 7. Bxc4 Bb4 8. O-O
O-O 9. Nh4 Bg6 10. Nxg6 hxg6 11. Qe2 Nbd7 12. Rd1 Nb6 13. Bd3 Nbd5 14. Bd2 c5
15. e4 Nb6 16. dxc5 Bxc5 17. Bg5 Be7 18. a5 Nc8 19. Bc4 Qc7 20. e5 Nh7 21. Bxe7
Nxe7 22. Nb5 Qc5 23. Nd6 Rab8 24. Kh1 Nf5 25. f4 Nxd6 26. Rxd6 Rfd8 27. h3 Rxd6
28. exd6 Qxd6 29. Qf3 Qb4 30. b3 Rd8 31. Kh2 Nf6 32. Ra4 Qe7 33. Ra2 Qc7 34.
Kh1 1/2-1/2

[Event "Interclubs Adultes"]
[Site "?"]
[Date "2004.01.18"]
[Round "4.5"]
[White "Arnaud, Jean-Laurent"]
[Black "Ivanov, Tsewov-Grisha"]
[Result "0-1"]
[WhiteElo "1570"]
[BlackElo "2030"]
[PlyCount "52"]
[EventDate "2004.??.??"]

1. e4 Nf6 2. e5 Nd5 3. c4 Nb6 4. Nf3 d6 5. exd6 exd6 6. Nc3 Be7 7. Be2 Bg4 8.
b3 c6 9. Bb2 Bf6 10. Qc2 Qe7 11. O-O O-O 12. Rfe1 Qc7 13. Rad1 N8d7 14. d4 Rae8
15. Rd2 a6 16. Ne4 d5 17. cxd5 Nxd5 18. Nxf6+ N7xf6 19. Ba3 Bxf3 20. Bxf8 Be4
21. Qc5 Rxf8 22. Rc1 Qf4 23. Rcd1 b6 24. Qa3 Nc3 25. g3 Nxe2+ 26. Kf1 Qf3 0-1

[Event "Interclubs Adultes"]
[Site "?"]
[Date "2004.01.18"]
[Round "4.6"]
[White "Picot, Brice"]
[Black "Borron, Herve"]
[Result "1-0"]
[WhiteElo "1860"]
[BlackElo "1190"]
[PlyCount "98"]
[EventDate "2004.??.??"]

1. d4 d5 2. Nf3 Nc6 3. Bf4 Nf6 4. c3 Bf5 5. Nbd2 e6 6. Nh4 Bg4 7. h3 Bh5 8. g4
Bg6 9. Nxg6 fxg6 10. Qc2 Be7 11. Bg2 O-O 12. Bg3 Qd7 13. f3 Rad8 14. O-O-O a6
15. e4 dxe4 16. fxe4 b5 17. Nb3 Rb8 18. Rhe1 a5 19. d5 exd5 20. exd5 Na7 21.
Nxa5 Rfe8 22. Nc6 Nxc6 23. dxc6 Qc8 24. Kb1 Ra8 25. Re2 Kh8 26. Rde1 Qd8 27.
Bf3 Rb8 28. h4 Rb6 29. Bf4 Ra6 30. h5 gxh5 31. gxh5 h6 32. Qg6 Ra4 33. Be5 Bf8
34. Bd4 Rxe2 35. Rxe2 b4 36. Re1 bxc3 37. Bxc3 Rf4 38. Bd1 Rc4 39. Bc2 Rxc3 40.
bxc3 Be7 41. Rf1 Kg8 42. Bb3+ Kh8 43. Rd1 Qf8 44. Qf7 Qxf7 45. Bxf7 Bd6 46. a4
Ne4 47. Kc2 Nc5 48. a5 Na6 49. Bc4 Nb8 1-0

[Event "Interclubs Adultes"]
[Site "?"]
[Date "2004.01.18"]
[Round "4.1"]
[White "Martin, Luc"]
[Black "Curto, Nicolas"]
[Result "0-1"]
[WhiteElo "2070"]
[BlackElo "2040"]
[PlyCount "78"]
[EventDate "2004.??.??"]

1. e4 c5 2. Nc3 Nc6 3. f4 g6 4. Nf3 Bg7 5. Bc4 d6 6. O-O e6 7. d3 Nge7 8. Qe1
O-O 9. Bd2 Nd4 10. Nxd4 cxd4 11. Nb5 a6 12. Na3 d5 13. Bb3 b6 14. Bb4 Re8 15.
Bxe7 Rxe7 16. exd5 exd5 17. Qh4 Re8 18. Qxd8 Rxd8 19. Rae1 Be6 20. Nb1 Rac8 21.
Nd2 b5 22. a4 h6 23. axb5 axb5 24. Nf3 Rd6 25. h3 Re8 26. Ra1 Bd7 27. Ra7 Re3
28. Kf2 Bc6 29. Rc7 Rde6 30. Ra1 Rd6 31. Raa7 Be8 32. Ra8 Kh7 33. Rac8 Ree6 34.
Rc5 Bc6 35. Rc7 Kg8 36. Ne5 Be8 37. Rxd5 Rxd5 38. Bxd5 Bxe5 39. Bxe6 Bxc7 0-1

[Event "Interclubs Adultes"]
[Site "?"]
[Date "2004.01.18"]
[Round "4.2"]
[White "Nodon, Jeremi"]
[Black "Kiecken, Jean-Marc"]
[Result "1-0"]
[WhiteElo "1960"]
[BlackElo "2020"]
[PlyCount "83"]
[EventDate "2004.??.??"]

1. d4 f5 2. c4 Nf6 3. Nc3 g6 4. g3 Bg7 5. Bg2 O-O 6. Nf3 d6 7. O-O Qe8 8. b3 e5
9. dxe5 dxe5 10. Ba3 Rf7 11. Qc2 c6 12. Rad1 Nh5 13. e4 Bf8 14. Bd6 Bxd6 15.
Rxd6 Qe7 16. Qd2 Nd7 17. Rd1 f4 18. g4 Ng7 19. h4 Ne6 20. Bh3 Nd4 21. Rxd4 exd4
22. Qxd4 Nf6 23. Ne5 Rf8 24. f3 Be6 25. Qd6 Qxd6 26. Rxd6 Rfe8 27. Nd3 Rad8 28.
c5 Rxd6 29. cxd6 Rd8 30. Nxf4 Bf7 31. g5 Nd7 32. Nd3 Nf8 33. e5 Be6 34. Bxe6+
Nxe6 35. Ne4 Kf7 36. Nf6 Nd4 37. f4 Nf3+ 38. Kf2 Nxh4 39. Nc5 b6 40. e6+ Kg7
41. e7 Ra8 42. d7 1-0

[Event "Interclubs Adultes"]
[Site "?"]
[Date "2004.01.18"]
[Round "4.3"]
[White "Bazzazi, Abdelaziz"]
[Black "Couquet, Cyril"]
[Result "0-1"]
[WhiteElo "1951"]
[BlackElo "1720"]
[PlyCount "136"]
[EventDate "2004.??.??"]

1. d4 e6 2. c4 d5 3. Nc3 Nf6 4. Nf3 c6 5. e3 Nbd7 6. Bd3 dxc4 7. Bxc4 Bd6 8. e4
Bb4 9. Qe2 O-O 10. O-O Re8 11. e5 Nd5 12. Ne4 f6 13. a3 Be7 14. b4 Nf8 15. Bd2
Ng6 16. Rae1 Kh8 17. Qd1 Qc7 18. Ng3 Bd7 19. Qc1 Rad8 20. Bd3 f5 21. Ng5 Kg8
22. Bc4 Bc8 23. Be2 Rf8 24. Bh5 Nh4 25. Bd1 f4 26. N3e4 Nf5 27. Nf3 b6 28. Bb3
Bb7 29. Rd1 Qc8 30. Neg5 Bxg5 31. Bxd5 exd5 32. Nxg5 Nxd4 33. Qb1 Qf5 34. Qxf5
Rxf5 35. Nh3 f3 36. Rfe1 fxg2 37. Kxg2 Re8 38. f4 Re6 39. Re3 h6 40. Rd3 Nb5
41. a4 Nc7 42. Re1 Re7 43. Rg3 Ne6 44. Rf1 d4 45. Kf2 c5 46. Ke2 c4 47. Ng1
Ref7 48. Nh3 Bd5 49. Rg6 Kh7 50. Rfg1 Rc7 51. R1g4 c3 52. Bc1 Bc4+ 53. Kf3 d3
54. Ke4 Rcf7 55. Rxe6 Bxe6 56. Kxd3 Rh5 57. Nf2 Bxg4 58. Nxg4 Rh3+ 59. Ke4 h5
60. Nf2 Rxh2 61. Nd3 Re2+ 62. Kd4 c2 63. Be3 Rd7+ 64. Ke4 Rxd3 65. Kxd3 Rxe3+
66. Kxc2 Kg6 67. Kd2 Re4 68. Kd3 Kf5 0-1

[Event "Interclubs Adultes"]
[Site "?"]
[Date "2004.01.18"]
[Round "4.4"]
[White "Tissot, Fabien"]
[Black "Rodriguez, Jean-Pierre"]
[Result "1-0"]
[WhiteElo "1750"]
[BlackElo "1941"]
[PlyCount "107"]
[EventDate "2004.??.??"]

1. d4 Nf6 2. c4 e6 3. Nc3 d5 4. Bg5 Nbd7 5. cxd5 exd5 6. Nf3 c6 7. e3 Bb4 8. a3
Bxc3+ 9. bxc3 Qa5 10. Qb3 Ne4 11. Qb4 Qxb4 12. cxb4 Nxg5 13. Nxg5 Nf6 14. b5
Bd7 15. bxc6 Bxc6 16. Nf3 Nd7 17. Bd3 Ke7 18. Kd2 Rhc8 19. h4 Rc7 20. Bxh7 g6
21. h5 Nf8 22. hxg6 fxg6 23. e4 dxe4 24. Ne5 Be8 25. Bg8 Rac8 26. Rac1 Kf6 27.
Bd5 Ne6 28. Ng4+ Ke7 29. Rh7+ Bf7 30. Rxc7+ Rxc7 31. Ne5 Kf6 32. Rxf7+ Rxf7 33.
Nxf7 Kxf7 34. Ke3 b6 35. Bxe4 Kf6 36. f4 Nc7 37. g4 g5 38. d5 Nb5 39. Bd3 Nd6
40. fxg5+ Kxg5 41. Kd4 Kf4 42. g5 Kxg5 43. Ke5 Nb7 44. d6 Nc5 45. Bb5 a6 46.
Bxa6 Kg6 47. Bc4 Kg7 48. Kd5 Kf6 49. Kc6 Ke5 50. d7 Nxd7 51. Kxd7 Kd4 52. Bb5
Kc3 53. Kc6 Kb3 54. a4 1-0

[Event "Interclubs Adultes"]
[Site "?"]
[Date "2004.01.18"]
[Round "4.5"]
[White "Paris, Thierry"]
[Black "Malabave, Gabriel"]
[Result "1-0"]
[WhiteElo "1840"]
[BlackElo "1670"]
[PlyCount "77"]
[EventDate "2004.??.??"]

1. e4 Nf6 2. e5 Nd5 3. Nc3 Nb6 4. d4 d6 5. Nf3 Bg4 6. Be2 e6 7. Bg5 Qd7 8. Qd2
d5 9. a3 a5 10. h4 h6 11. Bf4 Nc6 12. Bb5 Bxf3 13. gxf3 Be7 14. Rg1 O-O-O 15.
Rxg7 Rdg8 16. Rxg8+ Rxg8 17. O-O-O Qd8 18. h5 Na7 19. Bd3 Qf8 20. Bxh6 Qxh6 21.
Qxh6 Bg5+ 22. Qxg5 Rxg5 23. Rh1 Nd7 24. h6 Nf8 25. Kd2 Nc6 26. Ke3 Ne7 27. h7
Nxh7 28. Rxh7 Ng6 29. Rxf7 Nh4 30. Nb5 c6 31. Nd6+ Kb8 32. Rxb7+ Ka8 33. Rf7
Rg1 34. Ba6 Re1+ 35. Kd2 Rb1 36. Bb7+ Ka7 37. Bxc6+ Kb6 38. Bb5 Rxb2 39. Rb7#
1-0

[Event "Interclubs Adultes"]
[Site "?"]
[Date "2004.01.18"]
[Round "4.6"]
[White "Abdou Issaka, Boubacar"]
[Black "Molina, David"]
[Result "1-0"]
[WhiteElo "1640"]
[BlackElo "1750"]
[PlyCount "73"]
[EventDate "2004.??.??"]

1. e4 e6 2. d4 d5 3. Nc3 dxe4 4. Nxe4 Nd7 5. Nf3 Ngf6 6. Bg5 Be7 7. Nxf6+ Bxf6
8. Qd2 Bxg5 9. Qxg5 Qxg5 10. Nxg5 a6 11. f4 h6 12. Nf3 c5 13. O-O-O b5 14. Ne5
cxd4 15. Nxd7 Bxd7 16. Rxd4 Bc6 17. Be2 Ke7 18. Rg1 Rhd8 19. Rxd8 Rxd8 20. g3
g5 21. Rf1 f5 22. Rd1 Rxd1+ 23. Kxd1 gxf4 24. gxf4 Kd6 25. Kd2 e5 26. Ke3 Be4
27. Bd3 Kd5 28. Bxe4+ fxe4 29. f5 b4 30. c3 bxc3 31. bxc3 a5 32. c4+ Kd6 33.
Kxe4 a4 34. a3 h5 35. h4 Kc5 36. f6 Kd6 37. c5+ 1-0

[Event "Interclubs Adultes"]
[Site "?"]
[Date "2004.01.18"]
[Round "4.7"]
[White "Vartanian, Stephan"]
[Black "Parpillon, Georges"]
[Result "1-0"]
[WhiteElo "1480"]
[BlackElo "1630"]
[PlyCount "127"]
[EventDate "2004.??.??"]

1. d4 d5 2. c4 c6 3. e3 Nf6 4. Nc3 a6 5. cxd5 Nxd5 6. Nxd5 Qxd5 7. Qf3 Be6 8.
Qxd5 Bxd5 9. Nf3 e6 10. a3 b5 11. Be2 Bd6 12. O-O O-O 13. Bd2 a5 14. b4 a4 15.
Ne5 f6 16. Nd3 e5 17. Nc5 Ra7 18. e4 Bf7 19. Be3 Rc7 20. Bg4 Re8 21. Bf3 exd4
22. Bxd4 Be5 23. Bxe5 Rxe5 24. Rfd1 Re8 25. Rd4 g6 26. Rad1 Kg7 27. Rd8 Rc8 28.
Rxc8 Rxc8 29. Rd6 h5 30. h4 Re8 31. g4 hxg4 32. Bxg4 Re7 33. f3 Re8 34. Kf2 Re7
35. Kg3 Re8 36. Bd7 Rd8 37. f4 Nxd7 38. Rxd7 Rxd7 39. Nxd7 Be6 40. Nb8 f5 41.
exf5 Bxf5 42. Nxc6 Be4 43. Nd4 Bd3 44. Kf3 Kf6 45. Ke3 Bc4 46. Ke4 Kg7 47. Ke5
Kh6 48. f5 gxf5 49. Nxf5+ Kh5 50. Kd6 Bd3 51. Nd4 Kxh4 52. Kc5 Kg4 53. Nxb5 Kf5
54. Nc3 Bc2 55. Kb5 Ke5 56. Nxa4 Kd6 57. Nc5 Bd1 58. Kb6 Kd5 59. a4 Kc4 60. a5
Kxb4 61. a6 Bf3 62. Nb7 Kc4 63. a7 Kb4 64. a8=Q 1-0

[Event "Interclubs Adultes"]
[Site "?"]
[Date "2004.01.18"]
[Round "4.8"]
[White "Persyn, Jacques"]
[Black "Meyer, Bernard"]
[Result "1-0"]
[WhiteElo "1620"]
[BlackElo "1320"]
[PlyCount "73"]
[EventDate "2004.??.??"]

1. e4 e5 2. Nf3 Nc6 3. Bc4 Bc5 4. c3 Nf6 5. d4 exd4 6. cxd4 Bb4+ 7. Nc3 Nxe4 8.
O-O Nxc3 9. Re1+ Kf8 10. Qb3 d5 11. bxc3 dxc4 12. Qxc4 Be7 13. d5 Na5 14. Qe4
h6 15. Bd2 f5 16. Qe2 b6 17. Nd4 g6 18. Ne6+ Bxe6 19. dxe6 Rh7 20. Rad1 Bd6 21.
Bxh6+ Ke8 22. Bf4 Qh4 23. Bxd6 cxd6 24. Qb5+ Ke7 25. Qd7+ Kf6 26. Qxd6 Nc4 27.
Qc6 Qxh2+ 28. Kf1 Rh4 29. e7+ Kg7 30. Qxa8 Qh1+ 31. Ke2 Qh2 32. e8=Q Re4+ 33.
Qaxe4 fxe4 34. Rd7+ Kf6 35. Qe7+ Kf5 36. Rd5+ Kf4 37. Qg5# 1-0

[Event "Interclubs Adultes"]
[Site "?"]
[Date "2004.01.18"]
[Round "4.1"]
[White "Bislimi, Agron"]
[Black "Billiard, Bernard"]
[Result "0-1"]
[WhiteElo "2100"]
[BlackElo "2200"]
[PlyCount "120"]
[EventDate "2004.??.??"]

1. e4 c5 2. Nc3 Nc6 3. f4 e6 4. Nf3 d5 5. e5 d4 6. Ne4 f5 7. Neg5 h6 8. Nh3 Be7
9. d3 Qc7 10. g3 g6 11. Bd2 b6 12. Bg2 Bb7 13. Qe2 O-O-O 14. a3 Kb8 15. Nf2 Rd7
16. h4 Nd8 17. g4 fxg4 18. Nxg4 h5 19. Nf2 Nh6 20. Ne4 Nf5 21. Rh3 Nf7 22.
O-O-O Rc8 23. Nf6 Rdd8 24. Ne1 N7h6 25. Bxb7 Qxb7 26. Ng2 Qc6 27. Kb1 Rf8 28.
Nh7 Rf7 29. Ng5 Bxg5 30. hxg5 Ng8 31. Nh4 Nxh4 32. Rxh4 Ne7 33. Qe4 Rcf8 34.
Rf1 Rf5 35. c3 Qxe4 36. dxe4 Rxg5 37. f5 Rg2 38. Bh6 Rf7 39. f6 dxc3 40. bxc3
Nc6 41. Rd1 Kc8 42. Rd6 Nxe5 43. Rxe6 Ng4 44. Bg5 Kd7 45. Re7+ Rxe7 46. fxe7
Rh2 47. Kc1 Rxh4 48. Bxh4 Ne5 49. Kd1 Nc6 50. Ke2 Nxe7 51. Kf3 Ke6 52. Kf4 Nc6
53. Bg3 Ne5 54. Kg5 a6 55. a4 b5 56. axb5 axb5 57. Bf4 b4 58. cxb4 cxb4 59. Bc1
b3 60. Bb2 Nd3 0-1

[Event "Interclubs Adultes"]
[Site "?"]
[Date "2004.01.18"]
[Round "4.2"]
[White "Vuiton, Stephane"]
[Black "Gingene, Eric"]
[Result "0-1"]
[WhiteElo "2082"]
[BlackElo "2066"]
[PlyCount "98"]
[EventDate "2004.??.??"]

1. d4 d5 2. Nf3 Bf5 3. c4 e6 4. Nc3 c6 5. Qb3 Qb6 6. Bf4 Nf6 7. e3 Na6 8. cxd5
Nb4 9. dxc6 bxc6 10. Kd2 Be7 11. Rc1 O-O 12. Bc4 Rad8 13. Ke2 Nfd5 14. Bg3 c5
15. Na4 Qa5 16. a3 Na6 17. Rhd1 Rb8 18. Bxb8 Rxb8 19. Qa2 Qxa4 20. Ne5 Nb6 21.
b3 Nxc4 22. bxa4 Rb2+ 23. Qxb2 Nxb2 24. Rd2 Nxa4 25. Nc6 Bf6 26. f3 h5 27. e4
Bg6 28. g3 cxd4 29. Nxd4 N6c5 30. Rc4 h4 31. Rdc2 Kh7 32. Ke3 Be7 33. Nc6 Bf8
34. Rd2 Nb6 35. Rcc2 f5 36. Rd8 Ncd7 37. Rd2 Bc5+ 38. Kf4 Nf6 39. gxh4 fxe4 40.
fxe4 Nxe4 41. Rg2 Nf6 42. Re2 Bf5 43. h5 Nbd5+ 44. Kg5 Ne4+ 45. Kh4 Nf4 46. Rc2
Bxa3 47. Rd7 Kh6 48. Ne5 Bb4 49. Nf3 g5+ 0-1

[Event "Interclubs Adultes"]
[Site "?"]
[Date "2004.01.18"]
[Round "4.3"]
[White "Marmey, Cedric"]
[Black "Kizilian, Emmanuel"]
[Result "1/2-1/2"]
[WhiteElo "1940"]
[BlackElo "1860"]
[PlyCount "63"]
[EventDate "2004.??.??"]

1. e4 c5 2. c3 e6 3. d4 cxd4 4. cxd4 b6 5. Nc3 Bb7 6. f4 Bb4 7. Bd3 f5 8. Qe2
Nc6 9. Nf3 fxe4 10. Bxe4 Nf6 11. O-O O-O 12. Bc2 Ne7 13. Bd2 Rc8 14. Ne5 a6 15.
Rac1 Bd6 16. Bb3 Nfd5 17. Qg4 Rf6 18. Nxd5 Bxd5 19. Bxd5 Nxd5 20. f5 Rxc1 21.
Bxc1 Qc7 22. Bg5 Bxe5 23. dxe5 Qc5+ 24. Kh1 Rxf5 25. Rxf5 exf5 26. Qxf5 Ne3 27.
Bxe3 Qxe3 28. h3 Qc1+ 29. Kh2 Qxb2 30. e6 dxe6 31. Qxe6+ Kf8 32. Qd6+ 1/2-1/2

[Event "Interclubs Adultes"]
[Site "?"]
[Date "2004.01.18"]
[Round "4.4"]
[White "Griottier, Pierre-Yves"]
[Black "Maillet, Patrice"]
[Result "0-1"]
[WhiteElo "1780"]
[BlackElo "1800"]
[PlyCount "130"]
[EventDate "2004.??.??"]

1. e4 d6 2. d4 Nf6 3. Nc3 g6 4. Nf3 Bg7 5. Bg5 O-O 6. Bc4 Nxe4 7. Nxe4 d5 8.
Bd3 dxe4 9. Bxe4 c5 10. Be3 cxd4 11. Bxd4 Qa5+ 12. c3 Rd8 13. b4 Qa6 14. Bd3
Qd6 15. Bxg7 Kxg7 16. Be2 Be6 17. Qxd6 Rxd6 18. O-O a6 19. a3 Nc6 20. Rfd1 Rad8
21. Rxd6 Rxd6 22. Rd1 Rxd1+ 23. Bxd1 Bc4 24. Nd2 Bd3 25. Nb3 b6 26. Bf3 Ne5 27.
Nd4 Nxf3+ 28. Nxf3 f6 29. Nd4 Kf7 30. f3 e5 31. Nb3 Ke6 32. Kf2 f5 33. Ke3 Bf1
34. g3 Kd5 35. Nd2 Bb5 36. h3 g5 37. g4 f4+ 38. Kf2 Bd3 39. Ke1 e4 40. fxe4+
Bxe4 41. Kf2 h6 42. Kg1 b5 43. Kf2 Ke5 44. Kg1 Bd5 45. Kf2 Kf6 46. Kg1 Kg6 47.
Kf2 h5 48. Kg1 hxg4 49. hxg4 Be6 50. Kf2 Bxg4 51. c4 bxc4 52. Nxc4 Kf6 53. Nd6
Bd7 54. Ne4+ Kf5 55. Nc5 Bc8 56. a4 g4 57. b5 g3+ 58. Kg2 axb5 59. axb5 Kg4 60.
b6 f3+ 61. Kg1 Kh3 62. Ne4 Bb7 63. Ng5+ Kg4 64. Ne6 f2+ 65. Kf1 Ba6+ 0-1

[Event "Interclubs Adultes"]
[Site "?"]
[Date "2004.01.18"]
[Round "4.5"]
[White "Coez, Thierry"]
[Black "Berthelot, Pascal"]
[Result "1/2-1/2"]
[WhiteElo "1740"]
[BlackElo "1660"]
[PlyCount "90"]
[EventDate "2004.??.??"]

1. d4 d5 2. Nf3 Nf6 3. c4 dxc4 4. Nc3 e6 5. e4 b6 6. Bxc4 c6 7. a3 Bb7 8. O-O
Na6 9. Bf4 Nc7 10. Re1 Be7 11. Bxc7 Qxc7 12. d5 cxd5 13. Bb5+ Bc6 14. Rc1 Bxb5
15. Nxb5 Qd8 16. Nc7+ Kf8 17. Nxa8 Qxa8 18. e5 Ne4 19. Re2 g6 20. Rec2 Kg7 21.
Nd4 a5 22. f3 Nc5 23. Kh1 Qa6 24. b4 axb4 25. axb4 Nd3 26. Ra1 Nf2+ 27. Rxf2
Qc4 28. b5 Bc5 29. Ra4 Qc3 30. Rc2 Qe3 31. Rxc5 bxc5 32. Nc6 c4 33. h3 c3 34.
Qc2 Rc8 35. Ra1 Qc5 36. Rb1 d4 37. Qd3 Rc7 38. Qxd4 c2 39. Rc1 Qxb5 40. Qf4
Rxc6 41. Qf6+ Kf8 42. Qd8+ Kg7 43. Qf6+ Kf8 44. Qd8+ Kg7 45. Qf6+ Kf8 1/2-1/2

[Event "Interclubs Adultes"]
[Site "?"]
[Date "2004.01.18"]
[Round "4.6"]
[White "Robinet, Olivier"]
[Black "Boutin, Bernard"]
[Result "1-0"]
[WhiteElo "1650"]
[BlackElo "1499"]
[PlyCount "85"]
[EventDate "2004.??.??"]

1. e4 e5 2. Nf3 Nc6 3. d4 exd4 4. Bc4 d6 5. Nxd4 Ne5 6. Be2 Nf6 7. Bg5 Be7 8.
Nd2 c5 9. Bb5+ Bd7 10. Bxd7+ Qxd7 11. Nf5 O-O 12. f4 Ng6 13. Qf3 Rfe8 14. O-O-O
b5 15. g4 b4 16. e5 dxe5 17. Ne4 Qc7 18. Nxf6+ Bxf6 19. Bxf6 gxf6 20. Nd6 Rf8
21. fxe5 fxe5 22. h4 Rad8 23. Qf6 Qe7 24. g5 Qxf6 25. gxf6 Kh8 26. Rhg1 Rd7 27.
h5 Rxd6 28. Rxd6 Nf4 29. Rg5 Ne6 30. Rxe5 h6 31. Rd7 Ng5 32. Rxa7 c4 33. Rae7
c3 34. bxc3 bxc3 35. a4 Nf3 36. Re3 Nd4 37. Re8 Rxe8 38. Rxe8+ Kh7 39. Re7 Kg8
40. a5 Kf8 41. a6 Nc6 42. Rc7 Nd4 43. Rc8# 1-0

[Event "Interclubs Adultes"]
[Site "?"]
[Date "2004.01.18"]
[Round "4.7"]
[White "Bastion, Gilles"]
[Black "Baud, Antoine"]
[Result "0-1"]
[WhiteElo "1580"]
[BlackElo "1620"]
[PlyCount "114"]
[EventDate "2004.??.??"]

1. d4 d5 2. c4 e6 3. Nc3 Nf6 4. cxd5 exd5 5. g3 Bf5 6. Bg2 c6 7. Nf3 Nbd7 8.
O-O Bd6 9. Re1 O-O 10. Nd2 Re8 11. e4 dxe4 12. Ndxe4 Bb4 13. Nxf6+ Nxf6 14. a3
Ba5 15. Be3 Qd7 16. Qa4 Bb6 17. d5 Bxe3 18. Rxe3 Rxe3 19. fxe3 cxd5 20. Qxd7
Bxd7 21. Nxd5 Nxd5 22. Bxd5 Rb8 23. Rd1 Bg4 24. Rd4 Bh5 25. b4 Kf8 26. Rc4 b6
27. Kf2 Rd8 28. e4 Rd7 29. Ke3 Ke7 30. Kf4 f6 31. h4 Bf7 32. Rd4 Bxd5 33. exd5
Kd6 34. g4 g6 35. h5 Re7 36. hxg6 hxg6 37. Kf3 Re5 38. Rf4 f5 39. gxf5 Rxf5 40.
Rxf5 gxf5 41. Kf4 Kxd5 42. Kxf5 b5 43. Kf6 Kc4 44. Ke6 Kb3 45. Kd5 Kxa3 46. Kc5
a6 47. Kb6 Kxb4 48. Kxa6 Ka4 49. Kb6 b4 50. Kc5 b3 51. Kc4 b2 52. Kc3 b1=Q 53.
Kd2 Qe4 54. Kd1 Qg2 55. Kc1 Qe2 56. Kb1 Kb3 57. Kc1 Qe1# 0-1

[Event "Interclubs Adultes"]
[Site "?"]
[Date "2004.01.18"]
[Round "4.8"]
[White "Mosticone, David"]
[Black "Del Guidice, Thomas"]
[Result "1/2-1/2"]
[WhiteElo "1620"]
[BlackElo "1630"]
[PlyCount "59"]
[EventDate "2004.??.??"]

1. c4 e5 2. Nc3 Nf6 3. g3 Nc6 4. Bg2 Bc5 5. d3 h6 6. Nf3 d6 7. a3 a6 8. b4 Ba7
9. O-O Be6 10. e4 Nd4 11. Nxd4 Bxd4 12. Bb2 Qd7 13. Qd2 c6 14. Ne2 Ba7 15. Rac1
Bh3 16. c5 Bxg2 17. Kxg2 O-O-O 18. Rfd1 Qe6 19. Qc3 Rhe8 20. h3 dxc5 21. bxc5
Nd7 22. d4 exd4 23. Rxd4 Nxc5 24. Rxd8+ Rxd8 25. f3 f6 26. Nf4 Qd6 27. Kf1 Nd3
28. Nxd3 Qxd3+ 29. Qxd3 Rxd3 30. Ke2 {suite illisible} 1/2-1/2

[Event "Interclubs Adultes"]
[Site "?"]
[Date "2004.02.01"]
[Round "5.1"]
[White "Billiard, Bernard"]
[Black "Gabriel, Damien"]
[Result "0-1"]
[WhiteElo "2200"]
[BlackElo "2112"]
[PlyCount "116"]
[EventDate "2004.??.??"]

1. e4 e5 2. Nf3 Nc6 3. Bb5 f5 4. d3 Nf6 5. Nc3 Bb4 6. Bd2 O-O 7. Bc4+ Kh8 8.
Nd5 Bxd2+ 9. Nxd2 fxe4 10. dxe4 d6 11. c3 Ng4 12. f3 Nf6 13. Qe2 a6 14. Nf1 Ne7
15. Nxe7 Qxe7 16. Ne3 c6 17. O-O-O b5 18. Bb3 a5 19. Rd2 a4 20. Bc2 Be6 21. a3
Rab8 22. g4 c5 23. Qd3 Rfd8 24. h4 b4 25. c4 b3 26. Bd1 Rb6 27. h5 Nd7 28. Nd5
Bxd5 29. exd5 Qg5 30. Re1 Rf8 31. Qe3 Qxe3 32. Rxe3 Rf4 33. Be2 Rb8 34. Bd3 Nb6
35. Re4 Rbf8 36. Be2 Rxe4 37. fxe4 Rf4 38. g5 Rxe4 39. Bd3 Re1+ 40. Rd1 Rxd1+
41. Kxd1 h6 42. g6 Kg8 43. Kd2 Kf8 44. Ke3 Ke7 45. Kf3 Kf6 46. Kg4 e4 47. Be2
Ke5 48. Bf1 Nd7 49. Be2 Nf6+ 50. Kg3 Kf5 51. Kf2 Kf4 52. Bd1 Nd7 53. Be2 Ne5
54. Ke1 Ke3 55. Kd1 Nd3 56. Bf1 Nxb2+ 57. Kc1 Nd3+ 58. Kd1 Kd4 0-1

[Event "Interclubs Adultes"]
[Site "?"]
[Date "2004.02.01"]
[Round "5.2"]
[White "Mercier, Jean-Yves"]
[Black "Vuiton, Stephane"]
[Result "1-0"]
[WhiteElo "1770"]
[BlackElo "2082"]
[PlyCount "59"]
[EventDate "2004.??.??"]

1. d4 f5 2. Bg5 Nf6 3. Bxf6 exf6 4. e3 d5 5. Nd2 Bd6 6. c4 c6 7. c5 Bc7 8. Bd3
O-O 9. Qf3 f4 10. Ne2 fxe3 11. fxe3 b6 12. b4 a5 13. cxb6 Bxb6 14. b5 c5 15.
Nc4 Bb7 16. O-O g6 17. a4 Nd7 18. Nd6 Qc7 19. Qg3 Kg7 20. Nf4 Rae8 21. Nxg6
Rxe3 22. Nf5+ Kf7 23. Qxc7 Bxc7 24. Nxf8 Rxd3 25. Nxd7 Bc8 26. Nxc5 Rc3 27.
Rae1 Bb8 28. Re7+ Kg6 29. Rg7+ Kh5 30. g4# 1-0

[Event "Interclubs Adultes"]
[Site "?"]
[Date "2004.02.01"]
[Round "5.3"]
[White "Mantoux, Pascal"]
[Black "Tourette, Yvan"]
[Result "0-1"]
[WhiteElo "1720"]
[BlackElo "1790"]
[PlyCount "74"]
[EventDate "2004.??.??"]

1. e4 d5 2. exd5 Qxd5 3. Nc3 Qd6 4. d4 Nf6 5. Nf3 a6 6. Bc4 b5 7. Bb3 Bb7 8.
Be3 e6 9. h3 Nbd7 10. O-O Be7 11. Qe2 O-O 12. Rad1 c6 13. Bg5 c5 14. dxc5 Qxc5
15. Be3 Qh5 16. Ng5 Qxe2 17. Nxe2 Nc5 18. Bxc5 Bxc5 19. Nf4 Bc8 20. Rfe1 h6 21.
Nf3 g5 22. Nd3 Bb6 23. Nde5 Kg7 24. c4 bxc4 25. Nxc4 Ba7 26. Nfe5 Bb7 27. Nd6
Bd5 28. Bxd5 Nxd5 29. Ng4 Rfd8 30. Ne4 f5 31. Nxg5 hxg5 32. Ne5 Kf6 33. Nf3
Rac8 34. Re2 Rc7 35. Rde1 Rd6 36. h4 gxh4 37. Nxh4 Nf4 0-1

[Event "Interclubs Adultes"]
[Site "?"]
[Date "2004.02.01"]
[Round "5.4"]
[White "Demars, Laurent"]
[Black "Griottier, Pierre-Yves"]
[Result "1-0"]
[WhiteElo "1660"]
[BlackElo "1780"]
[PlyCount "87"]
[EventDate "2004.??.??"]

1. f4 d5 2. Nf3 Nc6 3. e3 Nf6 4. Bb5 Bd7 5. b3 a6 6. Bxc6 Bxc6 7. Bb2 e6 8. Ne5
Ne4 9. d3 Qh4+ 10. g3 Nxg3 11. Nf3 Qh5 12. Rg1 Nf5 13. Qe2 f6 14. Nbd2 Bb4 15.
O-O-O Bc5 16. d4 Bb4 17. Nf1 Bb5 18. Qf2 Qf7 19. Ng3 Nd6 20. Nh4 g6 21. Nf3 Qe7
22. Nd2 Nf7 23. e4 Qd6 24. exd5 exd5 25. Rde1+ Kf8 26. f5 Ba3 27. Re6 Bxb2+ 28.
Kxb2 Qd8 29. Nh5 Bd7 30. Rxf6 Bxf5 31. Qf4 Qd7 32. Qh6+ Ke8 33. Re1+ Kd8 34.
Qg7 Re8 35. Rxf7 Rxe1 36. Rxd7+ Bxd7 37. Nf6 Bc6 38. Qg8+ Be8 39. Qxd5+ Ke7 40.
Nde4 Rd8 41. Qe5+ Kf8 42. Nxh7+ Kg8 43. Nef6+ Kh8 44. Qxe1 1-0

[Event "Interclubs Adultes"]
[Site "?"]
[Date "2004.02.01"]
[Round "5.5"]
[White "Baud, Antoine"]
[Black "Cruzille, Jean"]
[Result "0-1"]
[WhiteElo "1620"]
[BlackElo "1670"]
[PlyCount "130"]
[EventDate "2004.??.??"]

1. e4 e6 2. d4 d5 3. Nc3 Bb4 4. e5 Ne7 5. Bd2 c5 6. Nb5 Bxd2+ 7. Qxd2 O-O 8. c3
cxd4 9. cxd4 Nbc6 10. Nf3 Qb6 11. Bd3 a6 12. Nc3 Bd7 13. O-O Rac8 14. Rac1 Ng6
15. Bb1 Nce7 16. h4 h5 17. Ne2 Bb5 18. Rfe1 Bxe2 19. Qxe2 Nf5 20. Bxf5 exf5 21.
b3 Nf4 22. Qe3 Ne6 23. Rc3 Qa5 24. Rec1 Rxc3 25. Qxc3 Qxa2 26. Nd2 Qa3 27. g3
Nxd4 28. Kf1 Nc6 29. Nf3 Qb4 30. Qxb4 Nxb4 31. Rc7 b5 32. Nd4 g6 33. Ke2 Re8
34. f4 Kf8 35. Kd2 Rb8 36. Nc6 Nxc6 37. Rxc6 a5 38. Ra6 a4 39. bxa4 bxa4 40.
Rxa4 Rb3 41. Rd4 Rxg3 42. Rxd5 Rg4 43. Ke3 Rxh4 44. Rd1 Rh3+ 45. Kf2 h4 46. Kg2
Rg3+ 47. Kf2 Ra3 48. Kg2 h3+ 49. Kh2 Ke7 50. Rd6 Rf3 51. Rd4 f6 52. exf6+ Kxf6
53. Rd6+ Kg7 54. Rd4 Kh6 55. Ra4 Kh5 56. Rb4 Kh4 57. Ra4 Rf2+ 58. Kg1 Kg3 59.
Ra3+ Rf3 60. Ra1 Rxf4 61. Ra2 g5 62. Ra3+ Rf3 63. Ra1 f4 64. Kh1 Rf2 65. Rg1+
Rg2 0-1